Pakistan, a political study: (Record no. 21557)

MARC details
000 -LEADER
fixed length control field 00836cam a22002771 4500
001 - CONTROL NUMBER
control field 7006420
003 - CONTROL NUMBER IDENTIFIER
control field BDDh-ASL
005 - DATE AND TIME OF LATEST TRANSACTION
control field 20231015030015.0
008 - FIXED-LENGTH DATA ELEMENTS--GENERAL INFORMATION
fixed length control field 740417s1957 xx 000 0 eng
010 ## - LIBRARY OF CONGRESS CONTROL NUMBER
LC control number 58002574
035 ## - SYSTEM CONTROL NUMBER
System control number (OCoLC)860589
040 ## - CATALOGING SOURCE
Original cataloging agency DLC
Transcribing agency VtMiM
Modifying agency DLC
-- BDDh-ASL
042 ## - AUTHENTICATION CODE
Authentication code premarc
043 ## - GEOGRAPHIC AREA CODE
Geographic area code a-pk---
050 00 - LIBRARY OF CONGRESS CALL NUMBER
Classification number JQ542
Item number .C3 1957a
082 ## - DEWEY DECIMAL CLASSIFICATION NUMBER
Classification number 320.5491
Item number CAP
100 1# - MAIN ENTRY--PERSONAL NAME
Personal name Callard, Keith B.
245 00 - TITLE STATEMENT
Title Pakistan, a political study:
Statement of responsibility, etc. Issued in cooperation with the Institute of Pacific Relations /
260 ## - PUBLICATION, DISTRIBUTION, ETC.
Place of publication, distribution, etc. London:
Name of publisher, distributor, etc. George Allen & Unwin Ltd.,
Date of publication, distribution, etc. 1957.
300 ## - PHYSICAL DESCRIPTION
Extent 355 p.
Dimensions 22 cm.
504 ## - BIBLIOGRAPHY, ETC. NOTE
Bibliography, etc. note Includes bibliography.
650 #0 - SUBJECT ADDED ENTRY--TOPICAL TERM
9 (RLIN) 2492
Topical term or geographic name entry element Political Science
651 #0 - SUBJECT ADDED ENTRY--GEOGRAPHIC NAME
Geographic name Pakistan
General subdivision Politics and government.
906 ## - LOCAL DATA ELEMENT F, LDF (RLIN)
a 7
b cbc
c oclcrpl
d u
e ncip
f 19
g y-gencatlg
942 ## - ADDED ENTRY ELEMENTS (KOHA)
Source of classification or shelving scheme Dewey Decimal Classification
Koha item type Books
Holdings
Withdrawn status Lost status Source of classification or shelving scheme Damaged status Not for loan Collection code Home library Current library Shelving location Date acquired Source of acquisition Total Checkouts Full call number Barcode Date last seen Copy number Price effective from Koha item type Public note
    Dewey Decimal Classification   Not For Loan Non-fiction Asiatic Society Library Asiatic Society Library General Stacks 02/06/2021 Donated by Prof. Husniara Huq   320.5491 CAP 105299 02/06/2021 C-1 02/06/2021 Books RARE
    Dewey Decimal Classification   Not For Loan Non-fiction Asiatic Society Library Asiatic Society Library General Stacks 02/06/2021 Donated by Prof. Husniara Huq   320.5491 CAP 105300 02/06/2021 C-2 02/06/2021 Books RARE
    Dewey Decimal Classification     Non-fiction Asiatic Society Library Asiatic Society Library General Stacks 02/15/2021 ASB Library Collections   320.5491 CAP 105770 02/15/2021 C-3 02/15/2021 Books RARE
    Dewey Decimal Classification     Non-fiction Asiatic Society Library Asiatic Society Library General Stacks 02/15/2021 ASB Library Collections   320.5491 CAP 105771 02/15/2021 C-4 02/15/2021 Books RARE
    Dewey Decimal Classification     Non-fiction Asiatic Society Library Asiatic Society Library General Stacks 02/15/2021 ASB Library Collections   320.5491 CAP 105780 02/15/2021 C-5 02/15/2021 Books RARE

Powered by Koha